Myanmar : National environmental performance assessment(EPR)report. (Record no. 19288)

000 -LEADER
fixed length control field 00479cam a2200169 a 4500
020 ## - INTERNATIONAL STANDARD BOOK NUMBER
ISBN 0470835184
040 ## - CATALOGING SOURCE
Transcribing agency NLC
082 0# - DEWEY DECIMAL CLASSIFICATION NUMBER
Classification number 364 ADB 2005 C337 Or.
100 1# - MAIN ENTRY--AUTHOR NAME
Personal name Nicaso, Antonio
245 10 - TITLE STATEMENT
Title Myanmar : National environmental performance assessment(EPR)report.
260 ## - PUBLICATION, DISTRIBUTION, ETC. (IMPRINT)
Place of publication Mississauga, Ont. :
Name of publisher John Wiley & Sons Canada,
Year of publication c2005
300 ## - PHYSICAL DESCRIPTION
Number of Pages x, 292 p. ;
Dimensions 24 cm
650 #0 - SUBJECT ADDED ENTRY--TOPICAL TERM
Topical Term Organized crime
650 #0 - SUBJECT ADDED ENTRY--TOPICAL TERM
Topical Term Transnational crime
700 1# - ADDED ENTRY--PERSONAL NAME
Personal name Lamothe, Lee,
942 ## - ADDED ENTRY ELEMENTS (KOHA)
Koha item type ឯកសារស្រាវជ្រាវ
952 ## - LOCATION AND ITEM INFORMATION (KOHA)
Withdrawn status [LOCAL, KOHA] 0
Holdings
Source of acquisition Permanent Location Date acquired Koha item type Lost status Shelving location Current Location Full call number
A32881Library Block C2020-09-07សៀវភៅភាសាអង់គ្លេស C162Library Block C364 ADB 2005 C337 Or.
មជ្ឈមណ្ឌលឯការនៃសាកលវិទ្យាល័យភូមិន្ទកសិកម្មចំការដូង

Powered by Koha